000 00504nam a2200193Ia 4500
005 20250317131429.0
008 008 250317s9999 xx 000 0 eng d
037 _aTextbook
040 _aFMSL
_beng
_cFMSL
041 _aeng
_2eng
084 _aX:8 M0
_qFMSL
100 _aKoontz H
_9328988
245 0 _aManagement
250 _aEd 7
260 _aNew Delhi
_bNew Delhi, McGraw Hill
_c1980
300 _av
942 _cTB
_hX:8 M0
999 _c1268067
_d1268067